000 00937cab a2200241 4500
001 ABS52301
008 090401t1995 xxu||||| |||| 00| 0 eng d
035 _a(Sirsi) u71871
041 _aeng
100 _aEade, C.
245 _aTransforming fortunes
260 _c1995
350 _a0
490 _aProperty Week
_v50(8) 23 February 1995, 20-21(2)
520 _aMany landlords are using dilapidations money received from tenants at the end of 25-year lease to update 1970s buildings into marketable space. Advises on limited legal means for tenants to challenge landlords figures such as diminution in value and proving intention to demolish. RICS is to publish guidance on dealing with claims. Case study.
650 _a25-YEAR LEASES
650 _aDilapidations
_96235
650 _aORIGINAL CONDITION
650 _aRESTORATION
690 _aLANDLORD AND TENANT-BUSINESS TENANCIES
942 _n0
948 _c04/03/1997
999 _c45335
_d45335